000 00572nam a2200193Ia 4500
003 GCL
008 140319s9999 xx 000 0 ara d
040 _aGCL /
_cGCL
082 0 4 _a792.0226
_bم م
100 1 _aموسى كولدبداغ
245 1 0 _aمسرح الاطفال: فلسفة ومنهج /
_cموسى كولدبداغ
700 1 _aصفاء رومانى (مترجم)
260 _a[S.N] :
_bوزارة الثقافة ،
_c1991
300 _a226 ص
490 _a
650 0 4 _aالفن المسرحى
650 0 4 _aمسرح الطفل
942 _2ddc
_cBK
999 _c33445
_d33445